| 000 | 01089nam a22002657a 4500 | ||
|---|---|---|---|
| 001 | 6857 | ||
| 003 | FISKH | ||
| 005 | 20250826102145.0 | ||
| 008 | 250603b cb ||||| |||| 00| 0 eng d | ||
| 020 | _a9780545372398 | ||
| 040 |
_aFISKH _beng _cFISKH _dFISKH |
||
| 050 | _aQH48 .B86 | ||
| 082 | _a508.03 | ||
| 100 | _aBrooks, Felicity | ||
| 245 |
_aFirst encyclopedia of our world _c Felicity Brooks ; Illustrated by Dacid Hancock ; Designed by Susannah Owen |
||
| 300 |
_a64 pages : _bcolor illustrations ; _c28 cm |
||
| 505 | _aR | ||
| 520 | _aA bright, lively introduction to our world with simple text, amazing photographs and detailed illustrations. Provides simple explanations to questions such as "Why is night dark?" "How do earthquakes happen?" and "What is under the sea?" Includes free downloadable pictures and internet links to carefully selected fun websites. | ||
| 521 | 8 |
_a720
_bLexile |
|
| 521 | 8 |
_aR
_bRaz-Plus |
|
| 650 |
_aEarth Science _vEncyclopedia _xGeography |
||
| 700 |
_aHancock, Dacid _eillustrator |
||
| 942 |
_2ddc _cBK _n0 |
||
| 999 |
_c6857 _d6857 |
||